000 00742nam a2200241 a 4500
001 BRL_137
005 20190320210614.0
008 181012s19uu----enkf######---#000-0#eng-#
041 _aeng
044 _aenk
050 4 _aND588.K5
_b.K54 1900
245 1 0 _aKlee
_b(1879-1940)
_cintroduction and notes by Herbert Read.
260 _aLondon
_bFaber and Faber
_c[19--]
300 _a2 v.
_bil., 11 láminas
_c31 cm.
440 0 _aThe Faber Gallery
_v29 y 30
_923011
500 _aAu165 (v.1). Au170 (v.2)
505 0 _aContenido: v. 1. Por Herbert Read, 1948. -- v. 2. Por Andrew Forge, 1954
600 1 4 _aKlee, Paul
_d1879-1940
_923012
700 1 _aRead, Herbet
_923013
700 1 _aForge, Andrew
_923014
902 _aGRL
942 _2lcc
_cB
999 _c8950
_d8950